| 000 | 01188nam a2200349 i 4500 | ||
|---|---|---|---|
| 999 |
_c170170 _d170170 |
||
| 001 | vtls000690312 | ||
| 003 | PNM | ||
| 005 | 20181114110741.0 | ||
| 008 | 120920n xxka b 000 1 eng d | ||
| 020 |
_a9781409301462 _cRM10.81 _qpaperback |
||
| 039 | 9 |
_a201210251107 _bmanoriah _c201210231520 _dnoraini_y |
|
| 040 |
_aPNM _beng _cPNM _dPPAK _erda |
||
| 082 | 0 | 4 |
_a428.6 _222 |
| 090 | 1 | 0 |
_a428.6 _bMUR _dK |
| 100 | 1 |
_aMurray, W. _q(William), _d1912-1995 _eauthor. |
|
| 245 | 1 | 0 |
_aEnjoying reading / _cwritten by W. Murray ; illustrated by M. Aitchison |
| 264 | 1 |
_aLondon : _bLadybird, _c[date of publication not identified] |
|
| 300 |
_a51 pages : _bcolour illustrations ; _c18 cm |
||
| 336 |
_2rdacontent _atext |
||
| 337 |
_2rdamedia _aunmediated |
||
| 338 |
_2rdacarrier _avolume |
||
| 490 | 1 |
_aKey words with Peter and Jane. Series c ; _v9c |
|
| 500 | _aOriginally published: 1966 | ||
| 650 | 1 | 0 | _aReaders (Primary) |
| 700 | 1 |
_aAitchison, M., _eillustrator. |
|
| 830 | 0 |
_aKey words with Peter and Jane. Series c ; _v9c |
|
| 942 |
_2ddc _cB |
||
| 949 |
_61000838759 _e2029080 |
||
| 949 |
_61000838760 _e2029081 |
||
| 949 |
_61000838761 _e2029082 |
||
| 949 |
_61000838762 _e2029083 |
||